000 01349cam a2200349 a 4500
001 6271
003 FISKH
005 20250821131251.0
008 081113s2009 ilua j b 001 0 eng
010 _a 2008049209
020 _a9781432927486 (hc)
020 _a9781432957957
020 _a9781432927554 (pb)
040 _aDLC
_cDLC
_dDLC
_beng
050 _aQB801 .G85
082 _a523.8
100 1 _aGuillain, Charlotte.
245 1 0 _aStars /
_cCharlotte Guillain.
260 _aChicago :
_bHeinemann Library,
_c2009.
300 _a24 pages :
_bcolor illustrations ;
_c18 cm
490 0 _aSpace
500 _aSpace -- Stars -- Galaxies -- Can you remember? -- Picture glossary.
504 _aIncludes index.
505 0 _aF
520 _aRead this book to find out about stars and galaxies. Books in this series introduce children to outer space. Each book uses simple, repetitive text to teach children basic vocabulary, and includes stunning photographs and artwork to show the main features of our Solar System. In Stars, children learn what stars are made of, what size and color they can be, and how the Sun is a
521 8 _a300
_bLexile
521 8 _aF
_bRaz-Plus
650 0 _aStars
_vJuvenile literature.
906 _a7
_bcbc
_corignew
_d1
_eecip
_f20
_gy-gencatlg
942 _2ddc
_cBK
_n0
999 _c6271
_d6271